College physics / (Record no. 150784)

MARC details
000 -LEADER
fixed length control field 00758nam a2200253 a 4500
008 - FIXED-LENGTH DATA ELEMENTS--GENERAL INFORMATION
fixed length control field
020 ## - INTERNATIONAL STANDARD BOOK NUMBER
International Standard Book Number 0030623782 (cased)
049 ## - LOCAL HOLDINGS (OCLC)
Holding library MAIN
090 ## - LOCALLY ASSIGNED LC-TYPE CALL NUMBER (OCLC); LOCAL CALL NUMBER (RLIN)
Classification number (OCLC) (R) ; Classification number, CALL (RLIN) (NR) QC21.2
003 - CONTROL NUMBER IDENTIFIER
control field
005 - DATE AND TIME OF LATEST TRANSACTION
control field 20230123133549.0
040 ## - CATALOGING SOURCE
Transcribing agency NUST
100 1# - MAIN ENTRY--PERSONAL NAME
Personal name Serway, Raymond A.
245 10 - TITLE STATEMENT
Title College physics /
Statement of responsibility, etc. Raymond A. Serway, Jerry S. Faughn.
260 ## - PUBLICATION, DISTRIBUTION, ETC.
Place of publication, distribution, etc. Philadelphia :
Name of publisher, distributor, etc. Saunders College,
Date of publication, distribution, etc. c1985.
300 ## - PHYSICAL DESCRIPTION
Extent xxvi, 800, 29, 6 p. :
Other physical details ill. (some col.) ;
Dimensions 27 cm.
440 0# - SERIES STATEMENT/ADDED ENTRY--TITLE
Title Saunders golden sunburst series.
504 ## - BIBLIOGRAPHY, ETC. NOTE
Bibliography, etc. note Includes bibliographcal references.
500 ## - GENERAL NOTE
General note Includes index.
650 #0 - SUBJECT ADDED ENTRY--TOPICAL TERM
Topical term or geographic name entry element Physics.
700 1# - ADDED ENTRY--PERSONAL NAME
Personal name Faughn, Jerry S.
907 ## - LOCAL DATA ELEMENT G, LDG (RLIN)
a .b10033300
b 11-11-11
c 17-04-03
942 ## - ADDED ENTRY ELEMENTS (KOHA)
Koha item type Ordinary Loan Books
Call number prefix QC21.2
Holdings
Date last seen Total Checkouts Full call number Barcode Cost, replacement price Price effective from Koha item type Lost status Source of classification or shelving scheme Damaged status Not for loan Collection Withdrawn status Home library Current library Shelving location Date acquired Cost, normal purchase price
01/23/2023 58 QC21.2 SER 92003014233 80.00 01/23/2023 BOOKS   LCC     NFIC   MAIN MAIN GEN 01/23/2023 80.00